[Event "Stay Safe Play From Home 380"]
[Site "Emanuel Lasker Arena"]
[Date "2020.08.13"]
[Round "5"]
[White "Ao017545"]
[Black "UHU4"]
[Result "1-0"]
[WhiteElo "1619"]
[BlackElo "1384"]
[Annotator "NA"]
[PlyCount "49"]
[EventDate "2020.08.13"]
[EventType "swiss (blitz)"]

{- Manoc a, Calota} 1. e4 {[%emt 0:00:01]} d5 {[%emt 0:00:01]} 2. Nf3 {[%emt 0:00:00]} dxe4 {[%emt 0:00:02]} 3. Ng5 {[%emt 0:00:00]} Nf6 {[%emt 0:00:00]} 4. Bc4 {[%emt 0:00:01]} e6 {[%emt 0:00:01]} 5. Nc3 {[%emt 0:00:02]} Nc6 {[%emt 0:00:01]} 6. Ngxe4 {[%emt 0:00:04]} Nxe4 {[%emt 0:00:02]} 7. Nxe4 {[%emt 0:00:00]} Qd4 {[%emt 0:00:02]} 8. d3 {[%emt 0:00:02]} Bd7 {[%emt 0:00:01]} 9. c3 {[%emt 0:00:02]} Qe5 {[%emt 0:00:02]} 10. f4 {[%emt 0:00:02]} Qa5 {[%emt 0:00:04]} 11. b4 {[%emt 0:00:03]} Qb6 {[%emt 0:00:02]} 12. Qe2 {[%emt 0:00:04]} Nxb4 {[%emt 0:00:07]} 13. cxb4 {[%emt 0:00:03]} Bxb4+ {[%emt 0:00:01]} 14. Bd2 {[%emt 0:00:02]} Bxd2+ {[%emt 0:00:04]} 15. Nxd2 {[%emt 0:00:02]} O-O-O {[%emt 0:00:02]} 16. Qf2 {[%emt 0:00:00]} Qb2 {[%emt 0:00:04]} 17. O-O {[%emt 0:00:01]} Bc6 {[%emt 0:00:02]} 18. Rab1 {[%emt 0:00:02]} Qc3 {[%emt 0:00:03]} 19. Qxa7 {[%emt 0:00:02]} Qxd2 {[%emt 0:00:04]} 20. Qa8+ {[%emt 0:00:02]} Kd7 {[%emt 0:00:01]} 21. Qa3 {[%emt 0:00:02]} Ra8 {[%emt 0:00:03]} 22. Qc5 {[%emt 0:00:02]} b6 {[%emt 0:00:05]} 23. Qd4+ {[%emt 0:00:02]} Ke7 {[%emt 0:00:02]} 24. Rfe1 {[%emt 0:00:01]} Rhd8 {[%emt 0:00:01]} 25. Qxg7 {[%emt 0:00:00] Tiempo Tiempo Tiempo (Lag: Av=0.77s, max=1.2s) (Lag: Av=0.77s, max=1.2s) (Lag: Av=0.77s, max=1.2s)} 1-0

[Event "Stay Safe Play From Home 380"]
[Site "Emanuel Lasker Arena"]
[Date "2020.08.13"]
[Round "6"]
[White "NTBT_DHS"]
[Black "AChessPlayer"]
[Result "1-0"]
[WhiteElo "2563"]
[BlackElo "2458"]
[Annotator "TA"]
[PlyCount "71"]
[EventDate "2020.08.13"]
[EventType "swiss (blitz)"]

{[%evp 9,70,36,55,45,66,47,53,45,59,40,40,39,40,29,39,17,27,-48,0,-63,-61,-76,47,0,113,0,31,-10,-13,-16,-11,-20,-25,-41,-33,-70,-62,-73,-65,-76,-81,-84,-75,-273,-242,-305,-319,-285,-285,-520,-527,-493,-19,-39,415,415,29995,29996,29997,29998,29998,29999,29999]} 1. e4 d6 2. Nf3 g6 3. Nc3 Bg7 4. d4 e6 5. Bc4 Nd7 6. O-O {B06: Modern Defence.} h6 7. Bf4 Ne7 8. Re1 {White is slightly better.} a6 9. h3 b6 {[#]} 10. Bb3 $146 ({Predecessor:} 10. e5 d5 11. Bd3 Bb7 12. Ne2 c5 13. b3 Rc8 14. c4 O-O 15. Nc3 cxd4 16. Nxd4 dxc4 17. bxc4 {0-1 (52) Ales Bolanos,S-Lopez Mulet,I Padron 2008}) 10... Bb7 11. a4 g5 12. Bg3 Ng6 13. Nh2 (13. d5 $11) 13... Qe7 14. Ng4 (14. Nd5 $11 Qd8 15. Nc3) 14... h5 $15 15. Ne3 h4 (15... Qf6 $17 16. d5 h4) 16. Bh2 (16. Nf5 $5 {[%cal Rf5e7]} Qf6 17. Nxg7+ Qxg7 18. Bh2 $11) 16... Rd8 (16... O-O-O $11 {remains equal.}) 17. d5 ({White should play} 17. a5 $16) 17... Nc5 18. dxe6 fxe6 ({But not} 18... Nxb3 $2 19. Ncd5 $18 (19. Nf5 Qf8 $16)) 19. Ng4 Rf8 20. Qd2 Kd7 21. Bc4 Kc8 22. b4 Nd7 23. Rad1 Nde5 24. Be2 Kb8 25. a5 b5 26. Nxb5 $2 (26. Qe3 $17) 26... axb5 27. Bxb5 Nxg4 28. hxg4 Be5 29. a6 $2 (29. Bxe5 Nxe5 30. a6) 29... Bxh2+ $19 30. Kxh2 {[#]} Ba8 $2 {[#]} (30... h3 $1 $19 31. gxh3 (31. axb7 $2 hxg2 32. Kxg2 Qh7 $19) 31... Qf6) 31. a7+ $1 $11 {[%mdl 576] Decoy} Kxa7 $2 {[%mdl 8192]} (31... Kb7 $15 {stays ahead.} 32. Qc3 Ne5) 32. Ra1+ $18 Kb6 (32... Kb8 $18) 33. Ra6+ {White mates.} Kxb5 34. Qd3+ Kxb4 35. Rb1+ Kc5 36. Rb5# {Quite a comeback for White. Accuracy: White = 52%, Black = 58%.} 1-0

[Event "Stay Safe Play From Home 380"]
[Site "Emanuel Lasker Arena"]
[Date "2020.08.13"]
[Round "6"]
[White "IceQueen"]
[Black "TheCHESSHOUSE"]
[Result "1-0"]
[WhiteElo "2300"]
[BlackElo "2041"]
[PlyCount "95"]
[EventDate "2020.08.13"]
[EventType "swiss (blitz)"]

1. e4 {[%emt 0:00:01]} c5 {[%emt 0:00:01]} 2. Nc3 {[%emt 0:00:00]} d6 {[%emt 0:00:00]} 3. Nf3 {[%emt 0:00:00]} Nf6 {[%emt 0:00:01]} 4. Bc4 {[%emt 0:00:00]} e6 {[%emt 0:00:01]} 5. d3 {[%emt 0:00:00]} Be7 {[%emt 0:00:00]} 6. O-O {[%emt 0:00:01]} Nc6 {[%emt 0:00:00]} 7. Bf4 {[%emt 0:00:00]} O-O {[%emt 0:00:01]} 8. Re1 {[%emt 0:00:01]} a6 {[%emt 0:00:00]} 9. a4 {[%emt 0:00:01]} b6 {[%emt 0:00:01]} 10. e5 {[%emt 0:00:01]} dxe5 {[%emt 0:00:01]} 11. Nxe5 {[%emt 0:00:00]} Bb7 {[%emt 0:00:00]} 12. Qd2 {[%emt 0:00:02]} Rc8 {[%emt 0:00:05]} 13. Nxf7 {[%emt 0:00:01]} Rxf7 {[%emt 0:00:07]} 14. Bxe6 {[%emt 0:00:00]} Nd4 {[%emt 0:00:04]} 15. Bxf7+ {[%emt 0:00:02]} Kxf7 {[%emt 0:00:01]} 16. Ne2 {[%emt 0:00:00]} Ne6 {[%emt 0:00:03]} 17. Bg3 {[%emt 0:00:01]} Qd5 {[%emt 0:00:01]} 18. f3 {[%emt 0:00:00]} h5 {[%emt 0:00:04]} 19. Nc3 {[%emt 0:00:00]} Qd4+ {[%emt 0:00:01]} 20. Bf2 {[%emt 0:00:01]} Qd6 {[%emt 0:00:02]} 21. Ne4 {[%emt 0:00:01]} Nxe4 {[%emt 0:00:01]} 22. fxe4 {[%emt 0:00:00]} Kg8 {[%emt 0:00:01]} 23. Bg3 {[%emt 0:00:01]} Qc6 {[%emt 0:00:01]} 24. Rf1 {[%emt 0:00:01]} Nd4 {[%emt 0:00:02]} 25. b3 {[%emt 0:00:03]} h4 {[%emt 0:00:01]} 26. Bf4 {[%emt 0:00:01]} Bf6 {[%emt 0:00:01]} 27. h3 {[%emt 0:00:01]} Re8 {[%emt 0:00:01]} 28. Rae1 {[%emt 0:00:01]} a5 {[%emt 0:00:01]} 29. Bg5 {[%emt 0:00:03]} Be5 {[%emt 0:00:01]} 30. Bxh4 {[%emt 0:00:01]} Qg6 {[%emt 0:00:02]} 31. Kh1 {[%emt 0:00:02]} Ne6 {[%emt 0:00:01]} 32. Bf2 {[%emt 0:00:03]} Nf4 {[%emt 0:00:01]} 33. Be3 {[%emt 0:00:01]} Nh5 {[%emt 0:00:02]} 34. Bf2 {[%emt 0:00:04]} Nf4 {[%emt 0:00:01]} 35. Bh4 {[%emt 0:00:03]} Nh5 {[%emt 0:00:02]} 36. g4 {[%emt 0:00:01]} Nf6 {[%emt 0:00:02]} 37. Rf5 {[%emt 0:00:02]} Bc8 {[%emt 0:00:01]} 38. Rg5 {[%emt 0:00:01]} Qf7 {[%emt 0:00:01]} 39. Rf1 {[%emt 0:00:01]} Bb7 {[%emt 0:00:01]} 40. Qf2 {[%emt 0:00:01]} Kh7 {[%emt 0:00:01]} 41. Bg3 {[%emt 0:00:00]} Re6 {[%emt 0:00:01]} 42. Bxe5 {[%emt 0:00:01]} Rxe5 {[%emt 0:00:00]} 43. Rxe5 {[%emt 0:00:01]} Qc7 {[%emt 0:00:00]} 44. Qh4+ {[%emt 0:00:00]} Kg8 {[%emt 0:00:01]} 45. Ref5 {[%emt 0:00:00]} Kf7 {[%emt 0:00:00]} 46. g5 {[%emt 0:00:01]} Ke8 {[%emt 0:00:01]} 47. gxf6 {[%emt 0:00:01]} Bxe4+ {[%emt 0:00:00]} 48. dxe4 {[%emt 0:00:00] Time Time Time (Lag: Av=0.71s, max=1.2s) (Lag: Av=0.71s, max=1.2s) (Lag: Av=0.71s, max=1.2s)} 1-0

[Event "Stay Safe Play From Home 380"]
[Site "Emanuel Lasker Arena"]
[Date "2020.08.13"]
[Round "6"]
[White "Lamborghini"]
[Black "Mepe_Nika"]
[Result "1-0"]
[WhiteElo "2273"]
[BlackElo "2360"]
[PlyCount "39"]
[EventDate "2020.08.13"]
[EventType "swiss (blitz)"]

1. e4 {[%emt 0:00:02]} e5 {[%emt 0:00:00]} 2. Nf3 {[%emt 0:00:01]} Nc6 {[%emt 0:00:00]} 3. Bb5 {[%emt 0:00:01]} Nf6 {[%emt 0:00:00]} 4. O-O {[%emt 0:00:01]} Nxe4 {[%emt 0:00:01]} 5. Re1 {[%emt 0:00:00]} Nd6 {[%emt 0:00:00]} 6. Nxe5 {[%emt 0:00:01]} Be7 {[%emt 0:00:00]} 7. Qh5 {[%emt 0:00:01]} O-O {[%emt 0:00:01]} 8. Bd3 {[%emt 0:00:02]} g6 {[%emt 0:00:02]} 9. Nxg6 {[%emt 0:00:01]} fxg6 {[%emt 0:00:03]} 10. Bxg6 {[%emt 0:00:00]} hxg6 {[%emt 0:00:01]} 11. Qxg6+ {[%emt 0:00:01]} Kh8 {[%emt 0:00:01]} 12. b3 {[%emt 0:00:01]} Bf6 {[%emt 0:00:05]} 13. Re3 {[%emt 0:00:01]} Bg7 {[%emt 0:00:04]} 14. Bb2 {[%emt 0:00:06]} Rf7 {[%emt 0:00:02]} 15. Na3 {[%emt 0:00:07]} Kg8 {[%emt 0:00:01]} 16. Rae1 {[%emt 0:00:02]} b6 {[%emt 0:00:02]} 17. Nc4 {[%emt 0:00:03]} Bb7 {[%emt 0:00:05]} 18. Nxd6 {[%emt 0:00:01]} cxd6 {[%emt 0:00:00]} 19. h4 {[%emt 0:00:01]} Qxh4 {[%emt 0:00:02]} 20. Re8+ {[%emt 0:00:02] Mepe_Nika resigns Mepe_Nika resigns Mepe_Nika resigns (Lag: Av=0.41s, max=0.6s) (Lag: Av=0.41s, max=0.6s) (Lag: Av=0.41s, max=0.6s)} 1-0

[Event "Stay Safe Play From Home 380"]
[Site "Emanuel Lasker Arena"]
[Date "2020.08.13"]
[Round "6"]
[White "Yuriko"]
[Black "Broken sword"]
[Result "0-1"]
[WhiteElo "2055"]
[BlackElo "2478"]
[PlyCount "158"]
[EventDate "2020.08.13"]
[EventType "swiss (blitz)"]

1. d4 {[%emt 0:00:01]} c5 {[%emt 0:00:01]} 2. c4 {[%emt 0:00:00]} cxd4 {[%emt 0:00:00]} 3. Qxd4 {[%emt 0:00:01]} Nc6 {[%emt 0:00:01]} 4. Qd1 {[%emt 0:00:00]} g6 {[%emt 0:00:00]} 5. e3 {[%emt 0:00:00]} Bg7 {[%emt 0:00:00]} 6. Nc3 {[%emt 0:00:00]} d6 {[%emt 0:00:00]} 7. Be2 {[%emt 0:00:00]} Nf6 {[%emt 0:00:00]} 8. Nf3 {[%emt 0:00:01]} O-O {[%emt 0:00:01]} 9. h3 {[%emt 0:00:00]} Be6 {[%emt 0:00:00]} 10. O-O {[%emt 0:00:00]} Nd7 {[%emt 0:00:00]} 11. Bd2 {[%emt 0:00:01]} Nde5 {[%emt 0:00:01]} 12. b3 {[%emt 0:00:01]} Rb8 {[%emt 0:00:02]} 13. Rc1 {[%emt 0:00:00]} Nxf3+ {[%emt 0:00:01]} 14. Bxf3 {[%emt 0:00:01]} Ne5 {[%emt 0:00:00]} 15. Be2 {[%emt 0:00:00]} a6 {[%emt 0:00:00]} 16. f4 {[%emt 0:00:01]} Nc6 {[%emt 0:00:01]} 17. Bf3 {[%emt 0:00:00]} Rc8 {[%emt 0:00:01]} 18. e4 {[%emt 0:00:00]} f6 {[%emt 0:00:01]} 19. Qe2 {[%emt 0:00:01]} Re8 {[%emt 0:00:01]} 20. Rfd1 {[%emt 0:00:01]} Qc7 {[%emt 0:00:02]} 21. Be3 {[%emt 0:00:02]} Qb8 {[%emt 0:00:01]} 22. Nd5 {[%emt 0:00:00]} Nd8 {[%emt 0:00:01]} 23. a3 {[%emt 0:00:04]} Bf7 {[%emt 0:00:01]} 24. Bg4 {[%emt 0:00:01]} Be6 {[%emt 0:00:02]} 25. Bxe6+ {[%emt 0:00:01]} Nxe6 {[%emt 0:00:00]} 26. Qg4 {[%emt 0:00:00]} Nf8 {[%emt 0:00:01]} 27. f5 {[%emt 0:00:01]} Rcd8 {[%emt 0:00:04]} 28. Bd4 {[%emt 0:00:01]} Qc8 {[%emt 0:00:02]} 29. Bb6 {[%emt 0:00:00]} Rd7 {[%emt 0:00:01]} 30. Bd4 {[%emt 0:00:00]} Rdd8 {[%emt 0:00:02]} 31. Nb6 {[%emt 0:00:00]} Qc6 {[%emt 0:00:01]} 32. Nd5 {[%emt 0:00:01]} Rc8 {[%emt 0:00:00]} 33. Qe2 {[%emt 0:00:01]} Ra8 {[%emt 0:00:01]} 34. Nb4 {[%emt 0:00:01]} Qc8 {[%emt 0:00:01]} 35. Nd5 {[%emt 0:00:00]} Qd8 {[%emt 0:00:02]} 36. Kh2 {[%emt 0:00:01]} Qd7 {[%emt 0:00:01]} 37. Rf1 {[%emt 0:00:01]} Qc6 {[%emt 0:00:01]} 38. Qf3 {[%emt 0:00:01]} Rac8 {[%emt 0:00:01]} 39. Nb4 {[%emt 0:00:01]} Qd7 {[%emt 0:00:01]} 40. Nd5 {[%emt 0:00:00]} b5 {[%emt 0:00:00]} 41. Nb6 {[%emt 0:00:02]} Qb7 {[%emt 0:00:00]} 42. Nxc8 {[%emt 0:00:00]} Rxc8 {[%emt 0:00:01]} 43. cxb5 {[%emt 0:00:00]} axb5 {[%emt 0:00:01]} 44. Rxc8 {[%emt 0:00:02]} Qxc8 {[%emt 0:00:00]} 45. Qd3 {[%emt 0:00:01]} Qa6 {[%emt 0:00:01]} 46. a4 {[%emt 0:00:03]} Nd7 {[%emt 0:00:02]} 47. Qxb5 {[%emt 0:00:01]} Qc8 {[%emt 0:00:01]} 48. Qc4+ {[%emt 0:00:01]} Qxc4 {[%emt 0:00:04]} 49. bxc4 {[%emt 0:00:00]} gxf5 {[%emt 0:00:01]} 50. Rxf5 {[%emt 0:00:03]} Kf7 {[%emt 0:00:00]} 51. Rb5 {[%emt 0:00:01]} e6 {[%emt 0:00:00]} 52. a5 {[%emt 0:00:00]} Ke7 {[%emt 0:00:00]} 53. Be3 {[%emt 0:00:00]} d5 {[%emt 0:00:01]} 54. cxd5 {[%emt 0:00:02]} exd5 {[%emt 0:00:01]} 55. exd5 {[%emt 0:00:00]} f5 {[%emt 0:00:00]} 56. a6 {[%emt 0:00:00]} Be5+ {[%emt 0:00:01]} 57. g3 {[%emt 0:00:02]} Kd6 {[%emt 0:00:00]} 58. a7 {[%emt 0:00:01]} f4 {[%emt 0:00:00]} 59. a8=Q {[%emt 0:00:01]} fxe3 {[%emt 0:00:01]} 60. Qc6+ {[%emt 0:00:00]} Ke7 {[%emt 0:00:00]} 61. d6+ {[%emt 0:00:01]} Ke6 {[%emt 0:00:01]} 62. Rxe5+ {[%emt 0:00:01]} Nxe5 {[%emt 0:00:01]} 63. d7+ {[%emt 0:00:02]} Nxc6 {[%emt 0:00:01]} 64. d8=Q {[%emt 0:00:01]} Nxd8 {[%emt 0:00:01]} 65. Kg2 {[%emt 0:00:00]} Ke5 {[%emt 0:00:00]} 66. Kf3 {[%emt 0:00:00]} Kd4 {[%emt 0:00:00]} 67. Ke2 {[%emt 0:00:00]} Ke4 {[%emt 0:00:01]} 68. h4 {[%emt 0:00:00]} Ne6 {[%emt 0:00:00]} 69. g4 {[%emt 0:00:00]} Nd4+ {[%emt 0:00:00]} 70. Kf1 {[%emt 0:00:01]} Kd3 {[%emt 0:00:01]} 71. g5 {[%emt 0:00:01]} e2+ {[%emt 0:00:00]} 72. Ke1 {[%emt 0:00:01]} Nc2+ {[%emt 0:00:00]} 73. Kf2 {[%emt 0:00:00]} e1=Q+ {[%emt 0:00:00]} 74. Kf3 {[%emt 0:00:01]} Qe3+ {[%emt 0:00:00]} 75. Kg4 {[%emt 0:00:00]} Qe2+ {[%emt 0:00:00]} 76. Kf5 {[%emt 0:00:01]} Qe4+ {[%emt 0:00:01]} 77. Kf6 {[%emt 0:00:01]} Nd4 {[%emt 0:00:00]} 78. Kg7 {[%emt 0:00:00]} Qg6+ {[%emt 0:00:01]} 79. Kf8 {[%emt 0:00:01]} Ne6+ {[%emt 0:00:00] Time Time Time (Lag: Av=0.40s, max=0.8s) (Lag: Av=0.40s, max=0.8s) (Lag: Av=0.40s, max=0.8s)} 0-1

[Event "Stay Safe Play From Home 380"]
[Site "Emanuel Lasker Arena"]
[Date "2020.08.13"]
[Round "6"]
[White "Batabat1955"]
[Black "Ao017545"]
[Result "1-0"]
[WhiteElo "1952"]
[BlackElo "1626"]
[Annotator "NA"]
[PlyCount "79"]
[EventDate "2020.08.13"]
[EventType "swiss (blitz)"]

1. d3 {[%emt 0:00:01]} e5 {[%emt 0:00:01]} 2. e4 {[%emt 0:00:00]} Nf6 {[%emt 0:00:00]} 3. Nc3 {[%emt 0:00:00]} Bc5 {[%emt 0:00:00]} 4. Be3 {[%emt 0:00:01]} Bxe3 {[%emt 0:00:02]} 5. fxe3 {[%emt 0:00:00]} Nc6 {[%emt 0:00:01]} 6. Nf3 {[%emt 0:00:01]} Ng4 {[%emt 0:00:02]} 7. Qd2 {[%emt 0:00:01]} Nb4 {[%emt 0:00:01]} 8. a3 {[%emt 0:00:02]} Nc6 {[%emt 0:00:03]} 9. h3 {[%emt 0:00:01]} Nf6 {[%emt 0:00:02]} 10. Be2 {[%emt 0:00:00]} Nh5 {[%emt 0:00:00]} 11. O-O {[%emt 0:00:01]} Ng3 {[%emt 0:00:00]} 12. Rf2 {[%emt 0:00:00]} Nxe2+ {[%emt 0:00:01]} 13. Rxe2 {[%emt 0:00:00]} d6 {[%emt 0:00:00]} 14. d4 {[%emt 0:00:01]} Bd7 {[%emt 0:00:04]} 15. Rf1 {[%emt 0:00:02]} f6 {[%emt 0:00:02]} 16. Nd5 {[%emt 0:00:01]} Ne7 {[%emt 0:00:03]} 17. dxe5 {[%emt 0:00:03]} fxe5 {[%emt 0:00:04]} 18. Nh4 {[%emt 0:00:02]} Nxd5 {[%emt 0:00:01]} 19. Qxd5 {[%emt 0:00:02]} Qxh4 {[%emt 0:00:00]} 20. Qf7+ {[%emt 0:00:01]} Kd8 {[%emt 0:00:02]} 21. Ref2 {[%emt 0:00:04]} Qxe4 {[%emt 0:00:03]} 22. Qb3 {[%emt 0:00:01]} Re8 {[%emt 0:00:06]} 23. Rf3 {[%emt 0:00:05]} Be6 {[%emt 0:00:01]} 24. Qc3 {[%emt 0:00:04]} Qc6 {[%emt 0:00:01]} 25. Qd3 {[%emt 0:00:02]} Bc4 {[%emt 0:00:03]} 26. Qxh7 {[%emt 0:00:03]} Bxf1 {[%emt 0:00:00]} 27. Rxf1 {[%emt 0:00:00]} Qd7 {[%emt 0:00:02]} 28. Qh4+ {[%emt 0:00:01]} Qe7 {[%emt 0:00:02]} 29. Qb4 {[%emt 0:00:00]} b6 {[%emt 0:00:02]} 30. a4 {[%emt 0:00:01]} Kc8 {[%emt 0:00:00]} 31. a5 {[%emt 0:00:01]} Kb7 {[%emt 0:00:01]} 32. a6+ {[%emt 0:00:01]} Kc8 {[%emt 0:00:02]} 33. Qe4 {[%emt 0:00:01]} Rb8 {[%emt 0:00:02]} 34. Qc6 {[%emt 0:00:01]} Qd7 {[%emt 0:00:00]} 35. Qc3 {[%emt 0:00:01]} Qb5 {[%emt 0:00:01]} 36. e4 {[%emt 0:00:01]} Kd7 {[%emt 0:00:00]} 37. Qf3 {[%emt 0:00:01]} Re7 {[%emt 0:00:00]} 38. Qg4+ {[%emt 0:00:00]} Kc6 {[%emt 0:00:02]} 39. Qd1 {[%emt 0:00:02]} Rbe8 {[%emt 0:00:00]} 40. b3 {[%emt 0:00:00] (Lag: Av=0.71s, max=1.2s) (Lag: Av=0.71s, max=1.2s) (Lag: Av=0.71s, max=1.2s)} 1-0

[Event "Stay Safe Play From Home 380"]
[Site "Emanuel Lasker Arena"]
[Date "2020.08.13"]
[Round "6"]
[White "Padmaesh M K"]
[Black "Lazieri3"]
[Result "1/2-1/2"]
[WhiteElo "1844"]
[BlackElo "2132"]
[PlyCount "60"]
[EventDate "2020.08.13"]
[EventType "swiss (blitz)"]

1. d3 {[%emt 0:00:01]} c6 {[%emt 0:00:00]} 2. c4 {[%emt 0:00:00]} d5 {[%emt 0:00:00]} 3. Nc3 {[%emt 0:00:00]} Nf6 {[%emt 0:00:01]} 4. cxd5 {[%emt 0:00:01]} cxd5 {[%emt 0:00:02]} 5. g3 {[%emt 0:00:01]} Nc6 {[%emt 0:00:01]} 6. Nf3 {[%emt 0:00:01]} Be6 {[%emt 0:00:00]} 7. Bg2 {[%emt 0:00:01]} Qc8 {[%emt 0:00:01]} 8. Bf4 {[%emt 0:00:03]} Bh3 {[%emt 0:00:01]} 9. O-O {[%emt 0:00:03]} h5 {[%emt 0:00:01]} 10. Qa4 {[%emt 0:00:04]} h4 {[%emt 0:00:02]} 11. Ne5 {[%emt 0:00:03]} hxg3 {[%emt 0:00:04]} 12. Bxg3 {[%emt 0:00:02]} Bxg2 {[%emt 0:00:01]} 13. Kxg2 {[%emt 0:00:02]} Qh3+ {[%emt 0:00:05]} 14. Kg1 {[%emt 0:00:01]} Rc8 {[%emt 0:00:01]} 15. Rac1 {[%emt 0:00:07]} Ng4 {[%emt 0:00:01]} 16. Qxg4 {[%emt 0:00:03]} Nxe5 {[%emt 0:00:02]} 17. Qxh3 {[%emt 0:00:01]} Nf3+ {[%emt 0:00:04]} 18. exf3 {[%emt 0:00:02]} Rxh3 {[%emt 0:00:01]} 19. Kg2 {[%emt 0:00:00]} Rh6 {[%emt 0:00:02]} 20. Nxd5 {[%emt 0:00:01]} Rxc1 {[%emt 0:00:01]} 21. Rxc1 {[%emt 0:00:00]} e6 {[%emt 0:00:01]} 22. Nb4 {[%emt 0:00:03]} Bxb4 {[%emt 0:00:01]} 23. Rc7 {[%emt 0:00:01]} a5 {[%emt 0:00:05]} 24. Rxb7 {[%emt 0:00:01]} Rh5 {[%emt 0:00:01]} 25. a3 {[%emt 0:00:01]} Be7 {[%emt 0:00:02]} 26. Rb8+ {[%emt 0:00:01]} Kd7 {[%emt 0:00:01]} 27. Rb7+ {[%emt 0:00:01]} Ke8 {[%emt 0:00:01]} 28. Rb8+ {[%emt 0:00:01]} Kd7 {[%emt 0:00:01]} 29. Rb7+ {[%emt 0:00:00]} Kd8 {[%emt 0:00:01]} 30. Rb8+ {[%emt 0:00:01]} Kd7 {[%emt 0:00:03] (Lag: Av=1.03s, max=1.7s) (Lag: Av=1.03s, max=1.7s) (Lag: Av=1.03s, max=1.7s)} 1/2-1/2

[Event "Stay Safe Play From Home 380"]
[Site "Emanuel Lasker Arena"]
[Date "2020.08.13"]
[Round "6"]
[White "UHU4"]
[Black "Fischer_11"]
[Result "0-1"]
[WhiteElo "1378"]
[BlackElo "1980"]
[Annotator "NA"]
[PlyCount "52"]
[EventDate "2020.08.13"]
[EventType "swiss (blitz)"]

{Manoc a, Calota} 1. e4 {[%emt 0:00:01]} Nf6 {[%emt 0:00:02]} 2. Nc3 {[%emt 0:00:02]} d5 {[%emt 0:00:01]} 3. exd5 {[%emt 0:00:01]} Nxd5 {[%emt 0:00:00]} 4. Nxd5 {[%emt 0:00:01]} Qxd5 {[%emt 0:00:00]} 5. c4 {[%emt 0:00:01]} Qd6 {[%emt 0:00:01]} 6. d4 {[%emt 0:00:01]} c5 {[%emt 0:00:02]} 7. Nf3 {[%emt 0:00:03]} Bg4 {[%emt 0:00:04]} 8. d5 {[%emt 0:00:04]} e6 {[%emt 0:00:02]} 9. Be2 {[%emt 0:00:02]} exd5 {[%emt 0:00:01]} 10. Qxd5 {[%emt 0:00:01]} Qxd5 {[%emt 0:00:01]} 11. cxd5 {[%emt 0:00:01]} Bd6 {[%emt 0:00:01]} 12. h3 {[%emt 0:00:02]} Bh5 {[%emt 0:00:01]} 13. O-O {[%emt 0:00:01]} Nd7 {[%emt 0:00:05]} 14. Re1 {[%emt 0:00:04]} O-O-O {[%emt 0:00:01]} 15. g4 {[%emt 0:00:03]} Bg6 {[%emt 0:00:01]} 16. Bc4 {[%emt 0:00:06]} Rhe8 {[%emt 0:00:04]} 17. Bd2 {[%emt 0:00:02]} a6 {[%emt 0:00:01]} 18. a4 {[%emt 0:00:01]} Kc7 {[%emt 0:00:04]} 19. Nh4 {[%emt 0:00:02]} Be4 {[%emt 0:00:02]} 20. f3 {[%emt 0:00:02]} Bc2 {[%emt 0:00:05]} 21. Kf2 {[%emt 0:00:03]} Rxe1 {[%emt 0:00:02]} 22. Rxe1 {[%emt 0:00:02]} Nb6 {[%emt 0:00:03]} 23. Ba5 {[%emt 0:00:11]} Bxa4 {[%emt 0:00:08]} 24. Bxb6+ {[%emt 0:00:01]} Kxb6 {[%emt 0:00:01]} 25. b3 {[%emt 0:00:01]} Bb5 {[%emt 0:00:03]} 26. Nf5 {[%emt 0:00:01]} Bb8 {[%emt 0:00:02] Tiempo Tiempo Tiempo (Lag: Av=0.53s, max=1.1s) (Lag: Av=0.53s, max=1.1s) (Lag: Av=0.53s, max=1.1s)} 0-1

[Event "Stay Safe Play From Home 380"]
[Site "Emanuel Lasker Arena"]
[Date "2020.08.13"]
[Round "7"]
[White "NTBT_DHS"]
[Black "Lamborghini"]
[Result "0-1"]
[WhiteElo "2575"]
[BlackElo "2294"]
[Annotator "TA"]
[PlyCount "66"]
[EventDate "2020.08.13"]
[EventType "swiss (blitz)"]

{[%evp 10,65,21,0,2,-8,0,0,41,-9,64,59,34,35,120,115,97,53,108,15,27,-163,49,0,135,31,123,109,122,131,194,17,165,69,66,0,-10,-86,177,-25,-16,-8,61,86,84,58,526,515,484,27,377,231,624,0,674,-2011,-1938,-29999]} 1. d4 Nf6 2. Nc3 g6 3. Bg5 d6 4. e4 Bg7 5. e5 Nfd7 6. f4 Nb6 {B07: Pirc Defence: Miscellaneous Systems.} 7. Nf3 f6 8. Bh4 {[#]} Bg4 $146 {The position is equal.} ({Predecessor:} 8... O-O 9. Be2 dxe5 10. dxe5 Nc6 11. exf6 exf6 12. O-O Bf5 13. Nb5 Qxd1 14. Raxd1 Rae8 {1-0 (22) Mester,G (2449)-Valis,J (2105) Hungary 2008}) 9. a4 {Threatens to win with a5.} a5 (9... dxe5 $11 10. a5 Nd5 11. fxe5 Nc6) 10. h3 $14 Bxf3 11. Qxf3 Nc6 (11... fxe5 $14 12. Qxb7 exd4) 12. O-O-O $36 {[%mdl 2048] Black is under strong pressure.} O-O {[%cal Rf6e5]} 13. Bb5 d5 (13... fxe5 $14 14. Nd5 Nxd5 15. Qxd5+ {[%mdl 64] Double Attack} Kh8 16. fxe5 dxe5 17. Qxd8 Rfxd8) 14. Bxc6 (14. Qe3 $16) 14... bxc6 $11 15. g4 $2 (15. Qg4 $11) 15... Nc4 $2 (15... fxe5 $19 16. dxe5 Bxe5 $1 {[%mdl 576] Pin}) 16. b3 {Black must now prevent exf6.} Nb6 (16... fxe5 $11 17. bxc4 exd4) 17. e6 (17. Qe3 $16) 17... Qd6 (17... f5 $1 $14) 18. f5 $16 Qa3+ {[#]} 19. Kd2 $1 Qb4 (19... Nc8 $16 {might work better.}) 20. Qd3 $2 ({White should try} 20. Ke2 $18) 20... Rad8 (20... c5 $1 $11 21. dxc5 Nxa4 22. bxa4 d4 {[%mdl 64] Pin}) 21. Bf2 (21. Ke2 $18) 21... c5 $14 22. Ke2 (22. fxg6 hxg6 23. Rdg1 (23. dxc5 d4 $17 {[%mdl 64] Pin}) 23... cxd4 $17) (22. Rb1 $1 $14) 22... c4 $11 23. Qf3 (23. bxc4 $11 {remains equal.} dxc4 24. Qe3) 23... c5 $2 {[%mdl 8192]} (23... cxb3 $17 {keeps the pressure on. Hoping for ...b2.} 24. cxb3 Qxb3) 24. fxg6 $2 (24. dxc5 $18 cxb3 25. cxb3 (25. cxb6 bxc2 26. Nxd5 cxd1=B+ 27. Rxd1 Qxa4 $11)) 24... hxg6 25. dxc5 d4 ({Better is} 25... cxb3 $11 26. cxb3 (26. cxb6 bxc2 27. Nxd5 cxd1=B+ 28. Rxd1 Qxa4 $15) 26... f5) 26. Rxd4 $14 ({Reject} 26. cxb6 $6 cxb3 27. cxb3 (27. Nb5 $2 bxc2 28. Rxd4 Qb2 $19) 27... dxc3 $15) 26... Rxd4 27. Bxd4 f5 $2 {[%mdl 8192]} (27... cxb3 $14 28. Qd3 Rd8 29. cxb6 Rxd4) 28. Bxg7 $18 ({Less strong is} 28. cxb6 Bxd4 29. Nd5 Qd6 $16) 28... Kxg7 29. gxf5 $2 (29. cxb6 $18 Qxb6 30. Qe3 Qxe3+ 31. Kxe3) 29... cxb3 $2 {[%mdl 8192]} (29... Rxf5 $11 30. Qe3 Qxc5 31. Qxc5 Rxc5) 30. cxb6 bxc2 $2 (30... Rxf5 31. Qe3 Qc4+ 32. Kd2 b2) 31. Kd2 $2 ({White should play} 31. Qe3 $18) 31... Rxf5 $2 {[%mdl 8192]} (31... Qb2 $11 32. Rc1 Rd8+ 33. Nd5 Qd4+ 34. Kxc2 Rxd5) 32. Qd3 $4 {[%mdl 8192]} (32. Qe3 $18) 32... Rf2+ $19 33. Ke3 Qf4# {What a fight! Accuracy: White = 19%, Black = 24%.} 0-1